Ανταπόδοση και τελετουργία : ο Όμηρος και η τραγωδία στην αναπτυσσόμενη πόλη-κράτος

Αποθηκεύτηκε σε:
Λεπτομέρειες βιβλιογραφικής εγγραφής
Κύριος συγγραφέας: Seaford, Richard
Άλλοι συγγραφείς: Λιαπής, Βάιος (Μεταφραστής)
Μορφή: Βιβλίο
Γλώσσα:Greek
English
Δημοσίευση: Αθήνα : Μορφωτικό Ίδρυμα Εθνικής Τραπέζης, 2003.
Θέματα:
Ετικέτες: Προσθήκη ετικέτας
Δεν υπάρχουν, Καταχωρήστε ετικέτα πρώτοι!

MARC

LEADER 00000cam a2200000 i 4500
001 1/79461
008 050627s2003 gr | ||| |||| ||gre||
020 |a 9602502606 
035 |l 10078762 
040 |a GR-MyUA  |b gre  |e AACR2 
041 1 |a gre  |h eng 
082 7 |a 880.9001   |2 (22) 
100 1 |a Seaford, Richard. 
245 1 0 |a Ανταπόδοση και τελετουργία :   |b ο Όμηρος και η τραγωδία στην αναπτυσσόμενη πόλη-κράτος /   |c Richard Seaford ; μετάφραση Βάιος Λιαπής.  
260 |a Αθήνα :   |b Μορφωτικό Ίδρυμα Εθνικής Τραπέζης,   |c 2003.  
300 |a 683 σ. ;   |c 23 εκ.  
500 |a Τίτλος πρωτοτύπου: Reciprocity and ritual.  
504 |a Περιέχει βιβλιογραφία και ευρετήριο.  
600 0 7 |2 nlgaf  |a Όμηρος,   |d 8ος αι. π.Χ.  |x Criticism and interpretation. 
600 0 0 |a Dionysus   |c (Greek deity)  |x Cult. 
650 0 |a Greek literature  |x History and criticism. 
650 0 |a Greek drama (Tragedy)  |x History and criticism. 
650 0 |a Epic poetry, Greek  |x History and criticism. 
650 0 |a Literature and anthropology  |z Greece. 
650 0 |a Ritual in literature. 
651 0 |a Greece  |x In literature. 
651 0 |a Greece  |x Civilization. 
700 1 |a Λιαπής, Βάιος,  |e trl 
852 |a INST  |b LESVOS  |e 20050627  |h 880.9001 SEA  |p 005100027551  |q 005100027551  |t BK  |y 0 
852 |a INST  |b RHODES  |c EUDOXUS  |e 20140515  |h 880.9001 SEA  |p 005400036461  |q 005400036461  |t EDX  |y 0 
901 |a BIBL1-2005-2 
901 |a BIBL4-2014-2 
920 |a ΕΥΔΟΞΟΣ  |b ΠΑΡΑΓΓΕΛΙΑ  |y Ρόδος-ΤΜΣ  |z 2014-05 
922 |a 1ΕΛΗ  |b 200506  |c ΤΑΚ/ΚΥΒ  |d ΕΙΡΜΟΣ 
970 |a ΚΑΜΑΤΣΟΥ  |b ΔΕΣΠΟΙΝΑ  |z 2005/06/27